000
00327nam a22001337a 4500
008
170915b xxu||||| |||| 00| 0 eng d
020
_a
0230062169
041
_a
eng
080
_a
7
100
_a
44
101
_a
ART
245
_a
IMAGING AMERICAN IDEA AND IDEALS IN CULRURAL HISRORY
_c
BANTA.M
942
_2
udc
_c
BK
999
_c
27811
_d
27811